00751nam a2200229Ia 4500003000900000008004100009040001300050040001300063041000800076100002200084245011000106250001200216260001300228260000900241300001100250300001000261490001200271490000600283942000700289999001700296952020800313IT-RoPAU120407s9999 xx 000 0 und d aIT-RoPAU cIT-RoPAU aita aGiacomo Alberione a“I was created to love god” An edition with introduction, notes and indexes by Fr. Joseph Barbero ssp aBoston  aSt Paul  c1980 a123 p. c18 cm aOp.Om 4 v1 cBK c24838d24838 00102ddc406SCGA__133_00000000000000071aPAULUSbPAULUSd2012-04-11l0oScGA.133r2012-04-11 00:00:00w2012-04-11yBKzInserito da: Sergio In data: 27 settembre 2011 fondo: Via A.Severo 56 Progr:11675